000 00927cam a2200337 4500
008 010921n1999 000 0 eng u
020 _a1858111900
035 _a(Sirsi) u114701
050 _a711.026
100 _aForbes, D.
245 _aPlanning law : a handbook for conveyancers and property professionals
250 _a2nd ed.
260 _aSutton Coldfield
_bCLT Professional
_c1999
350 _a42.00
650 _aCLEUDS
650 _aCLOPUDS
650 _aCONVEYANCING
650 _aCONSERVATION AREAS
650 _aDEVELOPMENT
650 _aENFORCEMENT
650 _aHEDGEROWS
650 _aLISTED BUILDINGS
650 _aOPERATIONAL DEVELOPMENT
650 _aPLANNING APPEALS
650 _aPLANNING GAIN
650 _aPLANNING OBLIGATIONS
650 _aPLANNING PERMISSION
650 _aTREES
690 _aENVIRONMENTAL AND LAND CONSULTANCY-PLANNING AND DEVELOPMENT
942 _n0
999 _c101637
_d101637